| 000 -LEADER |
| fixed length control field |
00828cam a2200265 a 4500 |
| 001 - CONTROL NUMBER |
| control field |
16059420 |
| 005 - DATE AND TIME OF LATEST TRANSACTION |
| control field |
20180214090149.0 |
| 008 - FIXED-LENGTH DATA ELEMENTS--GENERAL INFORMATION |
| fixed length control field |
100119s2011 at ab b 001 0 eng |
| 010 ## - LIBRARY OF CONGRESS CONTROL NUMBER |
| LC control number |
2010920875 |
| 020 ## - INTERNATIONAL STANDARD BOOK NUMBER |
| International Standard Book Number |
9781439049624 |
| 020 ## - INTERNATIONAL STANDARD BOOK NUMBER |
| International Standard Book Number |
1439049629 |
| 040 ## - CATALOGING SOURCE |
| Original cataloging agency |
DLC |
| Transcribing agency |
DLC |
| Modifying agency |
DLC |
| 041 ## - LANGUAGE CODE |
| Language code of text/sound track or separate title |
eng |
| 042 ## - AUTHENTICATION CODE |
| Authentication code |
pcc |
| 080 ## - UNIVERSAL DECIMAL CLASSIFICATION NUMBER |
| Universal Decimal Classification number |
612.39 SAR |
| 082 ## - DEWEY DECIMAL CLASSIFICATION NUMBER |
| Edition number |
612.39 SAR |
| 100 ## - Rafti |
| Rafti |
9 |
| 101 ## - Shkurtesa |
| Shkurtesa |
NUT |
| 245 00 - TITLE STATEMENT |
| Title |
Nutrition therapy and pathophysiology / |
| Statement of responsibility, etc |
Marcia N. Nelms ... [et al.]. |
| 504 ## - BIBLIOGRAPHY, ETC. NOTE |
| Bibliography, etc |
Includes bibliographical references and index. |
| 906 ## - LOCAL DATA ELEMENT F, LDF (RLIN) |
| a |
7 |
| b |
cbc |
| c |
origcop |
| d |
3 |
| e |
epcn |
| f |
20 |
| g |
y-gencatlg |
| 942 ## - ADDED ENTRY ELEMENTS (KOHA) |
| Source of classification or shelving scheme |
|
| Item type |
Books |